000 00614nam a2200229Ia 4500
003 OSt
005 20220928102101.0
006 a|||||r|||| 00| 0
007 ta
008 220927b |||||||| |||| 00| 0 eng d
024 _a41486
037 _cTextual
040 _aSDCL
_cSDCL
_beng
041 _2eng
_aeng
082 _aO152,1I00:g, P0
100 _aSharma Vishvbandhu
_9396490
245 0 _aKaahe Kabeera bhaya Kabeer ?.
260 _aDelhi
_bSatya Prakashan
_c2000
300 _a141p.
_ccm.
942 _hO152,1I00:g, P0
_cTEXL
_2CC
999 _c712229
_d712229